| 000 | 00888nam a2200253 a 4500 | ||
|---|---|---|---|
| 005 | 20090623151037.0 | ||
| 008 | 070515s2007 enka b 001 0 eng | ||
| 010 | _aENG-94200 | ||
| 020 |
_a9780198061762 _c345.00 |
||
| 020 |
_a0198061765 _c345.00 |
||
| 035 | _aEN-77733 | ||
| 037 | _bDBAD / PUB | ||
| 040 |
_adpl _bEnglish |
||
| 082 | _a323 | ||
| 100 | _aBaxi, Upendra | ||
| 245 |
_aHuman rights in a posthuman world: _cby Upendra Baxi _bcritical essays / |
||
| 260 |
_aNew Delhi _bOxford University Press _c2009 |
||
| 270 |
_aYMCA Library Building, Jai Singh Road, _bNew Delhi _e110001 |
||
| 300 |
_axvi, 249p. _c23cm(pbk) |
||
| 500 | _aIncludes index | ||
| 650 | _aHuman rights | ||
| 942 |
_2ddc _cEN _mBAX _h323 |
||
| 999 |
_c27804 _d27804 |
||